Regional disparities among EU new member states
V súčasnosti Európsku úniu tvorí 27 členských štátov a 268 regiónov. Zredukovať veľké ekonomické a sociálne rozdiely medzi nimi a zvýšiť konkurencieschopnosť celej EÚ je cieľom Európskej regionálnej politiky. Európske štruktúrne fondy na podporu regiónov na roky 2007-2013. Analýza ekonomických fakto...
Na minha lista:
| Autor principal: | |
|---|---|
| Formato: | Capítulo de Livro |
| Idioma: | inglês |
| Assuntos: | |
| Tags: |
Sem tags, seja o primeiro a adicionar uma tag!
|
MARC
| LEADER | 00000naa$a2200000$$$4500 | ||
|---|---|---|---|
| 001 | 0098843 | ||
| 005 | 20240517104056.3 | ||
| 041 | 0 | |a eng | |
| 044 | |a CZ | ||
| 245 | 1 | 0 | |a Regional disparities among EU new member states |c Lenka Pelegrínová |
| 520 | |a V súčasnosti Európsku úniu tvorí 27 členských štátov a 268 regiónov. Zredukovať veľké ekonomické a sociálne rozdiely medzi nimi a zvýšiť konkurencieschopnosť celej EÚ je cieľom Európskej regionálnej politiky. Európske štruktúrne fondy na podporu regiónov na roky 2007-2013. Analýza ekonomických faktorov ovplyvňujúcich regionálny rozvoj. Cieľ, metodológia a výsledky. Geografická pozícia európskych regiónov. | ||
| 610 | 2 | 0 | |a regióny |
| 610 | 2 | 0 | |a disparita |
| 610 | 2 | 0 | |a politika regionálna |
| 610 | 2 | 0 | |a fondy štruktúrne |
| 610 | 2 | 0 | |a konkurencieschopnosť |
| 610 | 2 | 0 | |a analýza ekonomická |
| 610 | 2 | 0 | |a Európska únia |
| 610 | 2 | 0 | |a 2007-2013 |
| 100 | 1 | |a Pelegrinová, Lenka, 1983- | |